Stolice państw graniczących z Polską - Statystyki

Ogólne statystyki
  • Ten quiz został rozwiązany 9 369 razy
  • Średni wynik to 7 z 7
Statystyki odpowiedzi
Stolica % Poprawnych
Berlin
99%
Kijów
98%
Moskwa
98%
Praga
98%
Mińsk
93%
Bratysława
92%
Wilno
92%
Nie znaleziono quizów pasujących do podanych kryteriów
Rozkład punktacji
Procent ludzi z każdym wynikiem
Percentyl według liczby udzielonych odpowiedzi
Twoja historia wyników
Nie rozwiązałeś tego quizu